000 00247nam a22001097a 4500
008 170117b xxu||||| |||| 00| 0 eng d
020 _a9780399529573
041 _aeng
080 _a618.2
245 _aWHAT NURSES KNOW
_cCARROLL, P
942 _2udc
_cBK
999 _c3007
_d3007